00675nam a2200241 a 4500001001300000003000900013005001700022008004100039020001000080082001300090100002500103245002700128260003500155300000900190500003500199505003100234650001900265700002500284902000800309942000700317952009400324999001500418nice12345678IN_TiNIC20260116012423.0050524s1951 newa grp 000 0 eng  ac10000a270bHOG aHogg, William Richey aEcumenical Foundations aNew YorkbHarper and Rowc1951 a466p aincludes index and biblioraphy2 aNotes, Bibliography, Index aChurch-History1 aHogg, William Richey bSRS cBK 00104070aHMIbHMId2007-07-17g100.00l0o270 HOGp011593r2007-07-17w2026-01-16yEB c6956d6956